| 000 | 00629cam a2200217 4500 | ||
|---|---|---|---|
| 008 | 000000n2001 000 0 eng u | ||
| 020 | _a1851124691 | ||
| 035 | _a(Sirsi) u111341 | ||
| 050 | _a711.3 | ||
| 110 |
_aUnited Kingdom _bDepartment of the Environment, Transport and the Regions _93507 |
||
| 245 | _aStrategy development and partnership working in the RDAs. | ||
| 260 |
_aLondon _bDETR _c2001 |
||
| 300 | _a84p. ; 30cm. | ||
| 350 | _a17.00 | ||
| 650 | _aREGIONAL DEVELOPMENT AGENCIES | ||
| 650 | _aRDA | ||
| 650 | _aREGIONAL PARTNERSHIPS | ||
| 690 | _aECONOMIC ISSUES | ||
| 700 | _aBridges, Tom | ||
| 942 | _n0 | ||
| 999 |
_c101226 _d101226 |
||